000 00393 a2200157 4500
005 20250319125039.0
020 _a0-07-285583-5
082 _a515 HOF
100 _aHOFFMANN,L.D.
245 _aCalculus.
250 _a8th Ed.
260 _aNew York,
_bMcGraw-Hill higher Education,
_c2004.
300 _a x,728p.:Ill.;figures.
_bIndex.
_c25cm.
700 _aGERALD,L. BRADLEY.
942 _2ddc
_cBKS
999 _c973
_d973